000 01116nam0a22002771 4500
001 v19\rc\1742934
005 20250619060221.0
035 _a(NLR Aleph) 004849469
090 _a4906066
_c4906066
100 _a20061204d1902 |||y0rusy50 ca
101 0 _arus
102 _aRU
105 _ay z |||||
200 1 _aК вопросу об основаниях оценки земель, применительно к условиям Полтавской губернии
_eСообщ., долож. в заседании Полт. о-ва сел. хоз. 19 янв. 1900 г.
_f[Соч.] Я.К. Имшенецкого
_gПолт. о-во сел. хоз-ва
210 _aПолтава
_cтипо-лит. торг. д. "Л. Фришберг"
_d1902
215 _a54 с.
_d24
309 _aБез тит. л.
700 1 _aИмшенецкий
_bЯ.К.
_f1858-
_gЯков Кондратьевич
801 0 _aRU
_bNLR
_gpsbo
801 0 _aRU
_bRuMoRGB
_2psbo
801 1 _aRU
_bProSoft-M
_2rusmarc
852 _aNLR
_j34.83.6.1349
899 _aRuMoRGB
_jV 532/17
899 _aНБ СПбГУ
942 _cBOOK
980 _aNB